| 000 | 01897cam a22004814i 4500 | ||
|---|---|---|---|
| 003 | PE-LiUPU | ||
| 005 | 20250731172757.0 | ||
| 008 | 150617s r 000 0 d | ||
| 035 | _a(Sirsi) a12812 | ||
| 040 |
_aPE-LiUPU _bspa _cPE-LiUPU _erda |
||
| 049 | _aPRUA | ||
| 082 | 0 | 4 |
_a241 _bN55 _221 |
| 100 | 1 |
_aNiebuhr, Reinhold, _eautor. |
|
| 245 | 1 | 0 |
_aMoral man and immoral society; A study in Ethics and politics / _cReinhold Niebuhr. |
| 264 | 1 |
_aNew York : _bCharles Scribner's sons, _c1960. |
|
| 300 |
_a284 páginas ; _c20 cm. |
||
| 336 |
_atext _2rdacontent |
||
| 337 |
_aunmediated _2rdamedia |
||
| 338 |
_avolume _2rdacarrier |
||
| 504 | _aIncluye bibliografía. | ||
| 505 | 0 | _aMan and society: The art of living Togheter -- The rational resources of the individual for social living -- The religious resources of the individual for soacial living -- The moraly of Nations -- The attitudes of privileged classes -- The ethical attitudes of the proletarian class -- The preservation of moral values in politics -- The conflict between individual and social morality. | |
| 526 | _aSEG42 | ||
| 526 | _aSEG41 | ||
| 526 | _aSEG40 | ||
| 526 | _aSEG39 | ||
| 526 | _aP94 | ||
| 526 | _aP87 | ||
| 526 | _aP86 | ||
| 526 | _aP85 | ||
| 526 | _aP77 | ||
| 526 | _aP76 | ||
| 526 | _aP35 | ||
| 650 | 0 | 4 | _aRELIGION Y SOCIOLOGIA. |
| 650 | 0 | 4 | _aSOCIOLOGIA BIBLICA. |
| 650 | 0 | 4 | _aTEOLOGIA SOCIAL. |
| 910 |
_ajck _bjvq _cjck _d20150616 |
||
| 942 |
_2ddc _cBOOK |
||
| 949 |
_a241 N55 _wDEWEY _c1 _i18570 _lCCODEBUL1 _mBUL _p00.00 _r0 _sY _tBOOK _u19810304 _xTEOLOGIA _PP35 _0COMPRA _o.STAFF. Colección general |
||
| 994 |
_aC0 _bPEPRU |
||
| 596 | _a1 | ||
| 999 |
_a241 N55 _wDEWEY _c3112 _i18570 _f2021-11-10 _g5 _lCCODEBUL1 _mBUL _r0 _sY _tBOOK _u2015-6-17 _xTEOLOGIA _PP35 _0COMPRA _o.STAFF. Colección general _d3112 |
||
| 980 |
_81 _gALBERTO SANCHEZ Responsable de Automatización |
||